000 00844nac a22002657a 4500
001 BR0704608
003 BR-BrBNA
005 20240105123448.0
008 230509b bl.|||m| |||| 00| 0 por d
040 _aBR-BrBNA
_bpor
_cBiblioteca Nacional de Agricultura
072 _aE70
090 _a2120 BR0704608
110 1 _aDepartamento Nacional do Café, Rio de Janeiro, GB (Brasil)
_93392
245 1 _aPequeno atlas estatístico do café
260 3 _aRio de Janeiro, GB (Brasil):
_c1942.
300 _avp
490 _aPequeno Atlas Estatístico do Café (Brazil)
_vno. 6
_x
500 _aNumerical data; Documento microfilmado e tratado BR7400166
650 _aCAFÉ
650 _aCOMERCIALIZAÇÃO
650 _aESTATÍSTICA
650 _aEXPORTAÇÃO
909 _a202312
_bLúcia Elande
_c55
_dLúcia Elande
942 _2AGRIS
_n0
_cMS
999 _c295569
_d295569